TV Drama by Last Name Quiz Stats

 Plays Quiz Updated Apr 11, 2018

Support Sporcle.
Go Orange.
Score 0/25 Timer 04:00
1 Play Today
% Correct
The X-Files
84.8%
Breaking Bad
83.7%
Sherlock
80.6%
Star Trek: The Next Generation
79.9%
Game of Thrones
79.9%
Mad Men
77.8%
The Sopranos
63.4%
Buffy the Vampire Slayer
61.8%
Lost
59.1%
House of Cards
57.8%
CSI: Crime Scene Investigation
55.4%
Grey's Anatomy
53.9%
The Walking Dead
52.8%
% Correct
The West Wing
52.4%
Downton Abbey
47.8%
Orange is the New Black
44.7%
ER
44%
Stranger Things
43.6%
Law & Order: SVU
43.5%
Twin Peaks
41.9%
Friday Night Lights
36.2%
The Wire
34.3%
The Good Wife
32%
Sons of Anarchy
28.5%
The Americans
26%

From the Vault

MLB 20-Game Winners Age 35 or Older

by sweett310

Sports 10m
This quiz is brought to you by AARP.
Remove Ads.
Support Sporcle.
Get the best of Sporcle when you Go Orange. This ad-free experience offers more features, more stats, and more fun while also helping to support Sporcle. Thank you for becoming a member.

Show Comments

Extras

Top Quizzes Today


Score Distribution

Your Account Isn't Verified!

In order to create a playlist on Sporcle, you need to verify the email address you used during registration. Go to your Sporcle Settings to finish the process.

Report this User

Report this user for behavior that violates our Community Guidelines.

Details: